|
|
|
|
| LEADER |
02011nam a2200565 a 4500 |
| 001 |
nkc20071783532 |
| 003 |
CZ PrNK |
| 005 |
20100518113644.0 |
| 007 |
ta |
| 008 |
071214s2007 xr g 000 mdcze |
| 015 |
|
|
|a cnb001783532
|
| 020 |
|
|
|a 978-80-86362-87-8
|q (váz.)
|
| 035 |
|
|
|a (OCoLC)228602103
|
| 040 |
|
|
|a BOA001
|b cze
|
| 045 |
|
|
|a w8x1
|
| 072 |
|
7 |
|a 821.162.3
|x Česká literatura
|2 Konspekt
|9 25
|
| 080 |
|
|
|a 821.162.3
|2 MRF
|
| 080 |
|
|
|a 821.162.3-31
|2 MRF
|
| 080 |
|
|
|a 821.162.3-2
|2 MRF
|
| 080 |
|
|
|a (0:82-31)
|2 MRF
|
| 080 |
|
|
|a (0:82-2)
|2 MRF
|
| 080 |
|
|
|a (0:82-4)
|2 MRF
|
| 080 |
|
|
|a (081.1)
|2 MRF
|
| 100 |
1 |
|
|a Gellner, František,
|d 1881-1914
|7 jk01032392
|4 aut
|
| 245 |
1 |
0 |
|a Drama, román a fejetony /
|c František Gellner ; [k vydání připravil Michal Huvar]
|
| 250 |
|
|
|a Vyd. 2., (V Carpe diem 1.)
|
| 260 |
|
|
|a V Brumovicích :
|b Carpe diem,
|c 2007
|
| 300 |
|
|
|a 402 s. ;
|c 20 cm
|
| 490 |
1 |
|
|a Spisy ;
|v 3
|
| 504 |
|
|
|a Obsahuje bibliografii
|
| 600 |
1 |
7 |
|a Gellner, František,
|d 1881-1914
|7 jk01032392
|2 czenas
|
| 648 |
|
7 |
|a 1890-1918
|7 ch460673
|2 czenas
|
| 650 |
0 |
7 |
|a česká literatura
|7 ph116858
|y 1890-1918
|2 czenas
|
| 650 |
0 |
9 |
|a Czech literature
|y 1890-1918
|2 eczenas
|
| 655 |
|
7 |
|a české romány
|7 fd133974
|2 czenas
|
| 655 |
|
7 |
|a česká dramata
|7 fd133957
|2 czenas
|
| 655 |
|
7 |
|a fejetony
|7 fd132252
|2 czenas
|
| 655 |
|
7 |
|a sebrané spisy
|7 fd133355
|2 czenas
|
| 655 |
|
9 |
|a Czech fiction
|2 eczenas
|
| 655 |
|
9 |
|a Czech drama
|2 eczenas
|
| 655 |
|
9 |
|a feuilletons
|2 eczenas
|
| 655 |
|
9 |
|a collected works
|2 eczenas
|
| 700 |
1 |
|
|a Huvar, Michal,
|d 1960-
|7 jn99240000337
|4 edt
|
| 800 |
1 |
|
|a Gellner, František,
|d 1881-1914.
|t Spisy (Carpe diem)
|0 s
|
| 856 |
4 |
1 |
|u http://www.digitalniknihovna.cz/mzk/uuid/uuid:c9775610-e921-11e2-9923-005056827e52
|y Digitalizovaný dokument
|x NDK
|
| 910 |
2 |
|
|a BOA001
|b 1-1196.172
|
| 990 |
|
|
|a BK
|
| 995 |
|
|
|a 01
|
| 991 |
|
|
|b 200801
|c NOV
|
| 996 |
6 |
|
|b 2610328015
|c 1-1196.172
|l MZK
|r Sklad / do 1 hodiny
|n 5
|p p.v.
|w 000879099
|u 000010
|a 1
|e BOA001
|j MZK50
|s P
|